[Event "POL-chT 2nd League"]
[Site "Poronin"]
[Date "2020.09.05"]
[Round "1.18"]
[White "Skowronski, Piotr"]
[Black "Majewski, Krzysztof"]
[Result "0-1"]
[WhiteElo "2001"]
[BlackElo "1885"]
[PlyCount "74"]
[EventDate "2020.09.05"]
[EventType "team-swiss"]
[EventRounds "9"]
[EventCountry "POL"]
[SourceTitle "CBM 198 Extra"]
[Source "ChessBase"]
[SourceDate "2020.11.30"]
[SourceVersion "1"]
[SourceVersionDate "2020.11.30"]
[SourceQuality "1"]
[WhiteTeam "Bydgoszcz Hetman"]
[BlackTeam "Koszalin Hetman Politechnika"]
[WhiteTeamCountry "POL"]
[BlackTeamCountry "POL"]

1. d4 g6 2. c4 Bg7 3. Nc3 c6 4. e4 d5 5. cxd5 cxd5 6. e5 Nc6 7. Nf3 f6 8. exf6 exf6 9. Be2 Nge7 10. 0-0 0-0 11. a3 Be6 12. b4 Rc8 13. Na4 Bf7 14. Nc5 b6 15. Nb3 Qd6 16. b5 Nd8 17. Bd2 Ne6 18. Bb4 Qd7 19. Qd2 Rfe8 20. Bd3 g5 21. Rfc1 Nf4 22. Bf1 Rxc1 23. Rxc1 Bh5 24. Rc3 Neg6 25. Re3 Re4 26. Rxe4 dxe4 27. Ne1 Nh4 28. Qe3 Qg4 29. h3 Qd1 30. Bc4+ Bf7 31. Bxf7+ Kxf7 32. Nd2 Nhxg2 33. Qb3+ Qxb3 34. Nxb3 Nxe1 35. Bxe1 Nxh3+ 36. Kh2 Nf4 37. Bb4 Ke6 0-1

[Event "Torun-Bydgoszcz"]
[Site "Torun"]
[Date "1999.12.12"]
[Round "1"]
[White "Skowronski, Piotr"]
[Black "Wierzbicki, Slawomir"]
[Result "0-1"]
[WhiteElo "2000"]
[BlackElo "1800"]
[PlyCount "105"]
[EventDate "1999.12.12"]
[EventType "team-match"]
[EventRounds "1"]
[EventCountry "POL"]
[SourceTitle "EXT 2018"]
[Source "ChessBase"]
[SourceDate "2017.10.13"]
[SourceVersion "1"]
[SourceVersionDate "2017.10.13"]
[SourceQuality "1"]

1. c4 Nf6 2. Nc3 e6 3. d4 c5 4. Nf3 cxd4 5. Nxd4 Nc6 6. e4 Bb4 7. f3 Qa5 8. Ndb5 a6 9. Nd6+ Ke7 10. Nxc8+ Rhxc8 11. Bd2 Qh5 12. a3 Bxc3 13. Bxc3 Rd8 14. Be2 d6 15. 0-0 Rac8 16. b4 Qh6 17. Bd2 Qg6 18. b5 Ne5 19. Rc1 h5 20. Bb4 h4 21. f4 h3 22. Rf2 Neg4 23. Bxg4 Nxg4 24. Re2 Ne3 25. f5 Qg4 26. Qd2 Nxg2 27. Rxg2 Qxg2+ 28. Qxg2 hxg2 29. bxa6 bxa6 30. e5 exf5 31. exd6+ Kd7 32. c5 Re8 33. Kxg2 Re6 34. Rc3 g5 35. Ba5 Re2+ 36. Kf1 Rxh2 37. Bb6 f4 38. Rc4 f5 39. Ra4 Rc2 40. Rxa6 R8xc5 41. Bxc5 Rxc5 42. a4 Rd5 43. a5 Rxd6 44. Ra8 Kc7 45. a6 Kb6 46. a7 g4 47. Rf8 Kxa7 48. Rxf5 Rd4 49. Rb5 Ka6 50. Rb8 Ka5 51. Ke1 Ka4 52. Ke2 g3 53. Kf3 0-1